STN EN 60320-2-2: 2001 (35 4508), Nástrčky a prívodky na spotrebiče pre domácnosť a na podobné účely Časť 2-2 Prepájacie zásuvky a vidlice pre domové a podobné zariadenia

Norma je identická s EN 60320-2-2: 1998 a IEC 60320-2-2: 1998

Bibliographic Details
Main Author: Onderko, Jozef (Author)
Corporate Author: INFOSERVIS - Gabriela Čatlošová (Krompachy, Slovensko) (Translator)
Other Authors: Čatloš, Marcel (Translator)
Format: Book
Language:Slovak
English
PhysicalDescription:40 s. obr., tab. 30 cm
Published: Bratislava Slovenský ústav technickej normalizácie 2001
ISBN:(cen. skup. 13)
Subjects:

MARC

LEADER 00000cam a2200000 a 4500
001 vtls009729271
003 SK-MaSNL
005 20260302010309.0
008 160628s2001 xo a ru 000 0 slo
015 |a SNBN2014 
020 |a (cen. skup. 13) 
035 |a (SVKBBclas03)vtls000099629 
040 |a SNK  |b slo  |c SNK  |e AACR2 
041 1 |a slo  |h eng 
044 |a xo  |c SK 
046 |a s  |m 200106 (účin.) 
072 7 |a 621.3  |x Elektrotechnika  |2 konspekt 
072 7 |a 64  |x Domáce hospodárstvo  |2 konspekt 
080 |a 621.31-1  |2 2001 
080 |a 006.7/.8  |2 2001 
080 |a (437.6)  |2 2001 
080 |a (4)  |2 2001 
080 |a (083)  |2 2001 
080 |a 64.06  |2 2001 
130 0 |a STN 35 4508 (STN EN 60320-2-2)  |9 648928 
245 1 0 |a STN EN 60320-2-2: 2001 (35 4508), Nástrčky a prívodky na spotrebiče pre domácnosť a na podobné účely  |n Časť 2-2  |p Prepájacie zásuvky a vidlice pre domové a podobné zariadenia 
246 1 0 |a Nástrčky a prívodky na spotrebiče pre domácnosť a na podobné účely 
246 1 0 |a Prepájacie zásuvky a vidlice pre domové a podobné zariadenia 
260 |a Bratislava  |b Slovenský ústav technickej normalizácie  |c 2001 
300 |a 40 s.  |b obr., tab.  |c 30 cm 
500 |a Spracovateľ: INFOSERVIS - Gabriela Čatlošová Krompachy, Marcel Čatloš 
500 |a Súbežný názov v angličtine, francúzštine, nemčine 
500 |a Nahrádza STN EN 60320-2-2 (35 4508) z januára 2000 v celom rozsahu 
504 |a Citované normy, súvisiace právne predpisy s. 2 
520 8 |a Norma je identická s EN 60320-2-2: 1998 a IEC 60320-2-2: 1998 
540 |a STN vydané na akomkoľvek nosiči sa môžu rozmnožovať a rozširovať iba so súhlasom určenej právnickej osoby  |b SÚTN Bratislava  |c zákon 264/1999 Z.z. 
650 0 7 |a elektrické zariadenia  |2 SNKPH  |9 3916 
650 0 7 |a Electric equipments  |2 SNKPHeng  |9 303254 
650 0 7 |a technické normy a štandardy  |z Slovensko  |2 SNKPH  |9 79594 
650 0 7 |a technické normy a štandardy  |z krajiny Európskej únie  |2 SNKPH  |9 289341 
650 0 7 |a Household appliances  |2 SNKPHeng  |9 322168 
650 0 7 |a domáce spotrebiče  |2 SNKPH  |9 209372 
655 7 |a normy  |2 SNKPH  |9 70643 
700 1 |a Čatloš, Marcel  |4 trl  |9 291773 
700 1 |a Onderko, Jozef  |4 aut  |9 303607 
710 2 |a INFOSERVIS - Gabriela Čatlošová (Krompachy, Slovensko)  |4 trl  |9 311488 
710 2 |a Slovenský ústav technickej normalizácie  |4 stn  |9 32706 
958 |a OP 
958 |a NB 
999 |c 1002640  |d 1004570 
952 |a SNK  |b SNK  |y PREZ  |7 0  |p 17A0702271  |o snkSTN EN 60320-2-2  |i snk2011/10701  |8 0  |0 0  |1 0  |4 0  |d 2011-05-11  |l 0  |r 2026-02-24 12:25:30  |w 2026-02-24 
952 |a SNK  |b SNK  |y PREZ  |7 0  |p 17A0702270  |o snkSTN EN 60320-2-2 D1  |i snk2011/10702  |8 0  |0 0  |1 0  |4 0  |d 2011-05-11  |l 0  |r 2026-02-24 12:25:30  |w 2026-02-24